| 000 | 00456nam a22001817a 4500 | ||
|---|---|---|---|
| 003 | CEME | ||
| 005 | 20210628203401.0 | ||
| 008 | 210126b xxu||||| |||| 00| 0 eng d | ||
| 020 | _a9780826489197 | ||
| 040 | _c. | ||
| 082 | _a111.85 HER | ||
| 100 |
_aHerwitz, Daniel _965110 |
||
| 245 | _aAesthetics, key concepts in philosophy | ||
| 260 |
_aGREAT BRITAIN _bCONTINUUM _c2008 |
||
| 300 | _aVI,193P | ||
| 650 |
_aAESHTHETICS. _965111 |
||
| 942 |
_cBK _2ddc |
||
| 999 |
_c573421 _d573421 |
||